[Event "41st Olympiad Women 2014"]
[Site "Tromso NOR"]
[Date "2014.08.05"]
[Round "4.32"]
[Board "3"]
[White "Bocangel Chavez, Marjoire J."]
[Black "Barbier, Wiebke"]
[Result "0-1"]
[WhiteElo "1731"]
[BlackElo "1944"]
[WhiteTeam "Peru"]
[BlackTeam "Belgium"]
[WhiteFideId "3810500"]
[BlackFideId "207977"]
[EventDate "2014.08.02"]

1. e4 d6 2. d4 Nf6 3. Bd3 e5 4. Nf3 Nbd7 5. Bg5 Be7 6. Nbd2 c6 7. c3 h6 8. Bh4
Nh5 9. Bxe7 Qxe7 10. Bc4 Nf4 11. O-O Nf8 12. dxe5 dxe5 13. Qb3 N8g6 14. Rfe1 O-O
15. a4 Qf6 16. Re3 Bg4 17. Bf1 Rfd8 18. Nc4 Nh3+ 19. Kh1 Nxf2+ 20. Kg1 Nh3+ 21.
Kh1 Nhf4 22. Qxb7 c5 23. Qc7 Ne6 24. Qc6 Rac8 25. Qa6 Rc7 26. Na3 Rcd7 27. Bc4
Rd1+ 28. Rxd1 Rxd1+ 29. Bf1 Nh4 30. Qe2 Rc1 31. Nc4 Nf4 32. Qf2 Nhxg2 33. h4
Nxe3 34. Nxe3 Nh3 35. Qg3 Qxf3+ 36. Qxf3 Bxf3+ 37. Kh2 Nf4 38. Kg3 Bxe4 39. Bc4
h5 40. Kf2 Rh1 41. Nf1 Rxh4 42. b4 cxb4 43. cxb4 Nd3+ 44. Ke3 Nxb4 45. Bb5 Bc6
46. Be2 Bxa4 47. Ng3 Nd5+ 48. Kf2 Rf4+ 49. Kg1 h4 50. Nh1 Nc3 51. Ba6 e4 52. Nf2
e3 53. Nh3 Rg4+ 54. Kh2 e2 55. Bxe2 Nxe2 56. Nf2 Rg6 57. Ne4 Bc6 58. Nd6 Rg2+
59. Kh3 Nf4+ 60. Kxh4 g5# 0-1

[Event "41st Olympiad Women 2014"]
[Site "Tromso NOR"]
[Date "2014.08.05"]
[Round "4.33"]
[Board "1"]
[White "Reizniece-Ozola, Dana"]
[Black "Stojkovska, Monika"]
[Result "0-1"]
[WhiteTitle "WGM"]
[BlackTitle "WFM"]
[WhiteElo "2278"]
[BlackElo "2027"]
[WhiteTeam "Latvia"]
[BlackTeam "FYROM"]
[WhiteFideId "11601124"]
[BlackFideId "15002594"]
[EventDate "2014.08.02"]

1. c4 e5 2. Nc3 Nf6 3. g3 d5 4. cxd5 Nxd5 5. Bg2 Nb6 6. Nf3 Nc6 7. O-O Be7 8. a3
a5 9. d3 O-O 10. Be3 Re8 11. Rc1 Bf8 12. Nb5 a4 13. Bxb6 cxb6 14. Nc3 b5 15.
Nxb5 Qb6 16. Nc3 Qxb2 17. Nxa4 Qxa3 18. Nb6 Rb8 19. Nxc8 Rexc8 20. Ng5 Nd4 21.
Rxc8 Rxc8 22. Bxb7 Rc1 23. Qd2 Rc2 24. Qd1 Qe7 25. Nf3 Rc1 26. Nxd4 Rxd1 27.
Rxd1 Qxb7 28. Nf3 Qb3 29. Re1 f6 30. Kg2 Qc2 31. Ng1 Qc6+ 32. Nf3 Qc3 33. Rf1
Bc5 34. Ng1 Qc2 35. Ra1 Bd4 36. Rf1 Bc3 37. Kf3 Bb2 38. Kg2 e4 39. dxe4 Qxe4+
40. Kh3 g5 41. f3 Qe6+ 42. Kg2 Qe3 43. Rb1 Bd4 44. Rd1 h5 45. Rf1 g4 46. Rd1 Kf7
47. Rf1 Ke6 48. h3 f5 49. hxg4 hxg4 50. Kh2 Kd5 51. Kg2 Kc4 52. Kh2 Kc3 53. Kg2
Kd2 54. f4 Qe4+ 55. Kh2 Bxg1+ 56. Rxg1 Kxe2 57. Ra1 Qc2 58. Rg1 Kf3+ 59. Kh1 Qf2 0-1

[Event "41st Olympiad Women 2014"]
[Site "Tromso NOR"]
[Date "2014.08.05"]
[Round "4.33"]
[Board "2"]
[White "Bejatovic, Bojana"]
[Black "Rogule, Laura"]
[Result "0-1"]
[BlackTitle "WGM"]
[WhiteElo "1980"]
[BlackElo "2347"]
[WhiteTeam "FYROM"]
[BlackTeam "Latvia"]
[WhiteFideId "15000141"]
[BlackFideId "11601876"]
[EventDate "2014.08.02"]

1. d4 d5 2. c4 e6 3. Nf3 Nf6 4. e3 c5 5. Nc3 Nc6 6. Be2 dxc4 7. Bxc4 a6 8. a4 b6
9. d5 Na5 10. Ba2 c4 11. e4 Bb4 12. Bg5 exd5 13. e5 h6 14. Bh4 g5 15. Nxg5 hxg5
16. Bxg5 Rg8 17. Bxf6 Qd7 18. Qh5 Qg4 19. Qxg4 Bxg4 20. Kf1 Bxc3 21. bxc3 Kd7
22. h4 b5 23. h5 Nb3 24. Bxb3 cxb3 25. a5 Bf5 26. Ke2 Rxg2 27. h6 b2 28. Rae1
Bh7 29. Rb1 Rh2 30. Rhd1 Bxb1 31. Rxb1 Rxh6 32. Rxb2 Ke6 33. Rd2 Rh3 34. Rd3
Rxd3 35. Kxd3 Rc8 36. f4 Rc4 37. Bg5 Kf5 38. Kd2 Rxf4 39. Bf6 Ke6 40. Bh8 Ra4 0-1

[Event "41st Olympiad Women 2014"]
[Site "Tromso NOR"]
[Date "2014.08.05"]
[Round "4.33"]
[Board "3"]
[White "Berzina, Ilze"]
[Black "Nikolovska, Dragana"]
[Result "1-0"]
[WhiteTitle "WGM"]
[WhiteElo "2247"]
[BlackElo "1893"]
[WhiteTeam "Latvia"]
[BlackTeam "FYROM"]
[WhiteFideId "11601345"]
[BlackFideId "15000133"]
[EventDate "2014.08.02"]

1. e4 c5 2. Nf3 d6 3. Bb5+ Bd7 4. Bxd7+ Qxd7 5. O-O Nc6 6. c3 Nf6 7. Qe2 e6 8.
d4 cxd4 9. cxd4 d5 10. e5 Ne4 11. Be3 f5 12. Rd1 Be7 13. Ne1 O-O 14. f3 Ng5 15.
Nd3 Nf7 16. Nc3 Rfc8 17. Rac1 Nb4 18. Nf4 g5 19. Nh5 Nh6 20. h4 Qd8 21. Nf6+
Bxf6 22. exf6 f4 23. hxg5 fxe3 24. gxh6 Qxf6 25. Qxe3 Kh8 26. Re1 Rg8 27. Nb5
Raf8 28. Rc7 Qg6 29. Re2 Qb1+ 30. Kh2 Rf6 31. Nd6 Qg6 32. Nf7+ Rxf7 33. Rxf7 Nc6
34. Rg7 Qh5+ 35. Kg1 Rxg7 36. hxg7+ Kxg7 37. Qxe6 Nxd4 38. Qe5+ Qxe5 39. Rxe5
Nc6 40. Rxd5 b6 41. Rd7+ Kg8 42. Rc7 Nb4 43. Rxa7 Nd3 44. b3 1-0

[Event "41st Olympiad Women 2014"]
[Site "Tromso NOR"]
[Date "2014.08.05"]
[Round "4.33"]
[Board "4"]
[White "Manova, Ivana"]
[Black "Skinke, Katrina"]
[Result "0-1"]
[BlackTitle "WIM"]
[WhiteElo "1626"]
[BlackElo "2217"]
[WhiteTeam "FYROM"]
[BlackTeam "Latvia"]
[WhiteFideId "15003590"]
[BlackFideId "11602260"]
[EventDate "2014.08.02"]

1. e4 g6 2. d4 Bg7 3. Nc3 d6 4. f4 a6 5. a4 b6 6. Nf3 Bb7 7. Bc4 e6 8. O-O d5 9.
exd5 exd5 10. Qe1+ Ne7 11. Bd3 Nc6 12. Be3 Nb4 13. Qd2 Nxd3 14. Qxd3 O-O 15. Ne2
a5 16. Qd2 Nf5 17. Bf2 Re8 18. Rfe1 Nd6 19. Ng3 Ne4 20. Qd1 Qf6 21. Ne2 Ba6 22.
Be3 Qd6 23. c3 Re7 24. Nc1 Rae8 25. Nd3 Nxc3 26. bxc3 Rxe3 27. Nf2 Rxe1+ 28.
Nxe1 Qxf4 29. Ned3 Qe3 30. Qe1 Bxd3 31. Qxe3 Rxe3 32. Nxd3 Rxd3 33. Rc1 Bh6 34.
Rc2 Rd2 35. Rxd2 Bxd2 0-1

[Event "41st Olympiad Women 2014"]
[Site "Tromso NOR"]
[Date "2014.08.05"]
[Round "4.34"]
[Board "1"]
[White "Machlik, Monika"]
[Black "Hashimoto, Azumi"]
[Result "1-0"]
[WhiteElo "2081"]
[BlackElo "1712"]
[WhiteTeam "Norway 2"]
[BlackTeam "Japan"]
[WhiteFideId "1513621"]
[BlackFideId "7001800"]
[EventDate "2014.08.02"]

1. d4 f5 2. c4 Nf6 3. Nc3 g6 4. h4 Bg7 5. h5 Nxh5 6. e4 fxe4 7. Rxh5 gxh5 8.
Qxh5+ Kf8 9. Bh6 Bxh6 10. Qxh6+ Kg8 11. Qg5+ Kf7 12. Nxe4 e6 13. Qf4+ Kg7 14.
Qe5+ Kh6 15. O-O-O Rf8 16. Rd3 Rf5 17. Rh3+ Kg6 18. Qg3+ Rg5 19. Qh4 h5 20. Nf3
d5 21. Nexg5 Qh8 22. Ne5+ Kg7 23. Rg3 Nc6 24. Ngf7+ 1-0

[Event "41st Olympiad Women 2014"]
[Site "Tromso NOR"]
[Date "2014.08.05"]
[Round "4.34"]
[Board "2"]
[White "Hoshino, Karen"]
[Black "Reppen, Ellisiv"]
[Result "0-1"]
[WhiteTitle "WCM"]
[WhiteElo "1738"]
[BlackElo "2016"]
[WhiteTeam "Japan"]
[BlackTeam "Norway 2"]
[WhiteFideId "2137984"]
[BlackFideId "1504959"]
[EventDate "2014.08.02"]

1. d4 Nf6 2. c4 g6 3. Nc3 d5 4. cxd5 Nxd5 5. e4 Nxc3 6. bxc3 Bg7 7. Bc4 O-O 8.
Ne2 c5 9. O-O cxd4 10. cxd4 Nc6 11. Be3 Bd7 12. Rc1 Rc8 13. Qd2 a6 14. a3 b5 15.
Ba2 Qa5 16. Qd3 Rfd8 17. Bd2 Qb6 18. Qb3 e6 19. d5 Nd4 20. Nxd4 Bxd4 21. Be3
Bxe3 22. Qxe3 Qxe3 23. fxe3 Rxc1 24. Rxc1 Rc8 25. Rxc8+ Bxc8 26. Kf2 Kf8 27. Ke2
Ke7 28. e5 exd5 29. Bxd5 Be6 30. e4 f6 31. Bb7 a5 32. exf6+ Kxf6 33. Kd3 Ke5 34.
Kc3 Bd7 35. Bd5 g5 36. Kd3 Be6 37. Bc6 Bc4+ 38. Kc3 Bf1 39. g3 h6 40. Bd5 h5 41.
Bc6 h4 42. Bb7 hxg3 43. hxg3 Bg2 44. Bc6 b4+ 45. axb4 axb4+ 46. Kxb4 Bxe4 47.
Bd7 Bf5 48. Bc6 Kd4 49. Kb3 Ke3 50. Kc3 Kf2 51. Kd2 Bg4 52. Bd5 Bf3 53. Be6 Kxg3
54. Ke1 Bg4 55. Bd5 Bh3 56. Bc6 Kh2 57. Bd5 g4 58. Bc6 g3 59. Bd5 Bg2 60. Bc4
Be4 61. Bf1 Bd3 62. Bxd3 g2 0-1

[Event "41st Olympiad Women 2014"]
[Site "Tromso NOR"]
[Date "2014.08.05"]
[Round "4.34"]
[Board "4"]
[White "Hasegawa, Emi"]
[Black "Jorgensen, Line Jin"]
[Result "1/2-1/2"]
[WhiteTitle "WCM"]
[WhiteElo "1698"]
[BlackElo "1939"]
[WhiteTeam "Japan"]
[BlackTeam "Norway 2"]
[WhiteFideId "7000103"]
[BlackFideId "1505467"]
[EventDate "2014.08.02"]

1. d4 d5 2. c4 e6 3. Nc3 Nf6 4. cxd5 exd5 5. Bg5 c6 6. e3 Bf5 7. Qf3 Bg6 8. Bxf6
gxf6 9. Nge2 Nd7 10. Nf4 Qb6 11. Qe2 Bd6 12. Nxg6 hxg6 13. g3 O-O-O 14. O-O-O
Kb8 15. Kb1 f5 16. Bg2 Rde8 17. Qc2 Nf6 18. Na4 Qa5 19. Rd3 Ka8 20. h3 Ne4 21.
Nc3 Rc8 22. Nxe4 fxe4 23. Rb3 f5 24. Rc1 g5 25. Bf1 Rc7 26. Qc3 Qxc3 27. Rbxc3
Kb8 28. a3 Rf7 29. Rb3 Ka8 30. Rbc3 f4 31. gxf4 gxf4 32. b4 Kb8 33. Ka2 fxe3 34.
fxe3 Rf3 35. Kb3 Rg8 36. Be2 Rxh3 37. b5 c5 38. dxc5 Be5 39. R3c2 Rxe3+ 40. Ka4
Rgg3 41. Ra2 Rc3 42. Rcc2 d4 43. Bc4 Rxc4+ 44. Rxc4 e3 45. b6 d3 46. Re4 d2 47.
Ra1 Rg5 48. Rxe3 axb6 49. cxb6 Kc8 50. Rd1 Bd4 51. Rd3 Bxb6 1/2-1/2

[Event "41st Olympiad Women 2014"]
[Site "Tromso NOR"]
[Date "2014.08.05"]
[Round "4.35"]
[Board "1"]
[White "Lebel-Arias, Julia"]
[Black "Nouman, Amna"]
[Result "1/2-1/2"]
[WhiteTitle "WIM"]
[BlackTitle "WIM"]
[WhiteElo "1859"]
[BlackElo "1869"]
[WhiteTeam "Monaco"]
[BlackTeam "United Arab Emirates"]
[WhiteFideId "602019"]
[BlackFideId "9301500"]
[EventDate "2014.08.02"]

1. d4 c5 2. e3 Nf6 3. Bd3 d5 4. b3 g6 5. Nd2 Bg7 6. Bb2 O-O 7. Ngf3 Qc7 8. O-O
b6 9. Ne5 Nbd7 10. h3 Bb7 11. f4 e6 12. g4 Ne4 13. Bxe4 dxe4 14. c4 f5 15. Qe2
Rad8 16. Rad1 Ba8 17. g5 Qb7 18. Nb1 Nxe5 19. dxe5 Qc7 20. Rxd8 Rxd8 21. Rd1 Bc6
22. Rxd8+ Qxd8 23. Qd2 Qxd2 24. Nxd2 Bf8 25. a4 a5 26. Nb1 Kf7 27. Nc3 Ke8 28.
Bc1 Kd7 29. Bd2 Be7 30. Kf2 Ke8 31. Kg3 Bd8 32. h4 Kf7 33. Ne2 Be7 34. Kh3 Bd8
35. Ng3 Be7 36. h5 Bd8 37. h6 Bc7 38. Bc3 Bd8 39. Kh2 Bc7 40. Kg1 Bd8 1/2-1/2

[Event "41st Olympiad Women 2014"]
[Site "Tromso NOR"]
[Date "2014.08.05"]
[Round "4.35"]
[Board "2"]
[White "Al-Zarouni, Aisha"]
[Black "Chung, Mathilde"]
[Result "0-1"]
[BlackTitle "WCM"]
[WhiteElo "1689"]
[BlackElo "1981"]
[WhiteTeam "United Arab Emirates"]
[BlackTeam "Monaco"]
[WhiteFideId "9302972"]
[BlackFideId "676446"]
[EventDate "2014.08.02"]

1. b3 d5 2. Bb2 Bg4 3. Nf3 Bxf3 4. gxf3 e6 5. e3 Nf6 6. c4 c6 7. d4 g6 8. Nc3
Nbd7 9. Be2 Bg7 10. O-O O-O 11. b4 dxc4 12. Bxc4 Nb6 13. Be2 Nbd5 14. b5 Nxc3
15. Bxc3 cxb5 16. Bxb5 Nd5 17. Rc1 Nxc3 18. Rxc3 Qg5+ 19. Kh1 Qxb5 20. Rb3 Qd5
21. Qe2 Rfc8 22. Rb5 Qd7 23. Rfb1 Rc7 24. Qb2 b6 25. Qe2 Rac8 26. R5b2 Qd5 27.
Rf1 Rc1 28. Kg2 Bf8 29. Rb5 R1c2 30. Qxc2 Rxc2 31. Rxd5 exd5 32. Ra1 Ba3 33. Kg3
b5 34. Rb1 Bd6+ 35. Kg2 b4 36. Ra1 a5 0-1

[Event "41st Olympiad Women 2014"]
[Site "Tromso NOR"]
[Date "2014.08.05"]
[Round "4.35"]
[Board "3"]
[White "Grillon, Charline"]
[Black "Abeer, Ali"]
[Result "1-0"]
[WhiteElo "1734"]
[BlackElo "1657"]
[WhiteTeam "Monaco"]
[BlackTeam "United Arab Emirates"]
[WhiteFideId "1301047"]
[BlackFideId "9302930"]
[EventDate "2014.08.02"]

1. d4 d5 2. c4 e6 3. Nf3 c6 4. Nc3 dxc4 5. e4 b5 6. Be2 Bb4 7. O-O Bxc3 8. bxc3
Qa5 9. Bd2 Nf6 10. Qc2 Bb7 11. a4 Qc7 12. e5 Nd5 13. Ng5 h6 14. Ne4 a6 15. Nd6+
Kf8 16. Bh5 f5 17. exf6 Nxf6 18. Qg6 Qe7 19. Rfe1 Ra7 20. Nf5 Qd7 21. Rxe6 Bc8
22. Re7 1-0

[Event "41st Olympiad Women 2014"]
[Site "Tromso NOR"]
[Date "2014.08.05"]
[Round "4.35"]
[Board "4"]
[White "Al Dhaffari, Salma"]
[Black "Lomandong, Noela-Joyce"]
[Result "0-1"]
[WhiteTitle "WFM"]
[WhiteElo "1599"]
[BlackElo "1616"]
[WhiteTeam "United Arab Emirates"]
[BlackTeam "Monaco"]
[WhiteFideId "9305335"]
[BlackFideId "5400384"]
[EventDate "2014.08.02"]

1. b3 d5 2. Bb2 Bg4 3. f3 Bd7 4. e3 e6 5. c4 Nf6 6. d4 c5 7. cxd5 Nxd5 8. e4 Ne3
9. Qe2 Nxf1 10. Qxf1 cxd4 11. Bxd4 Nc6 12. Bb2 e5 13. Qb5 Qc7 14. Nc3 Nd4 15.
Qd3 Bb4 16. Rc1 Bb5 17. Qe3 Rc8 18. Kf2 Bc5 19. Nd5 Qd7 20. Qc3 Nxb3+ 21. Kg3
Nxc1 22. Qxe5+ Be7 23. Qxg7 Qd6+ 24. Be5 Qg6+ 25. Qxg6 hxg6 26. Bxh8 Nxa2 27.
Nh3 Bc4 28. Nf6+ Bxf6 29. Bxf6 b5 30. Nf2 b4 31. h4 a5 32. f4 Be2 33. f5 b3 34.
Re1 Rc2 35. fxg6 fxg6 36. e5 b2 37. e6 Rc1 38. Bxb2 Rxe1 39. Bf6 Bc4 40. e7 a4
41. Kf4 Nb4 42. Kg5 Bf7 43. Bc3 Rb1 44. Ne4 Nd5 45. Nd6+ Kxe7 46. Be5 Ke6 47.
Nxf7 Kxf7 48. g4 a3 49. h5 gxh5 50. gxh5 a2 51. h6 a1=Q 52. Bxa1 Rxa1 53. h7 Rh1
54. h8=Q Rxh8 55. Kf5 Rh5+ 56. Ke4 Ke6 57. Kd4 Nc7 0-1

[Event "41st Olympiad Women 2014"]
[Site "Tromso NOR"]
[Date "2014.08.05"]
[Round "4.36"]
[Board "1"]
[White "Smith, Javanna"]
[Black "Vargas, Gabriela"]
[Result "0-1"]
[WhiteTitle "WCM"]
[BlackTitle "WFM"]
[WhiteElo "1747"]
[BlackElo "2112"]
[WhiteTeam "Trinidad & Tobago"]
[BlackTeam "Paraguay"]
[WhiteFideId "7700466"]
[BlackFideId "3700860"]
[EventDate "2014.08.02"]

1. e4 e6 2. d4 d5 3. Nd2 Nc6 4. Ngf3 Nf6 5. e5 Nd7 6. c3 f6 7. exf6 Qxf6 8. Bd3
Bd6 9. Qc2 g6 10. Nf1 e5 11. Bg5 Qg7 12. dxe5 Ndxe5 13. Nxe5 Qxe5+ 14. Qe2 Qxe2+
15. Bxe2 h6 16. Be3 Be6 17. Ng3 O-O-O 18. Bd3 Ne5 19. Bc2 Kb8 20. O-O-O Bf7 21.
Bb3 c6 22. Rhe1 Rhe8 23. Kb1 Ng4 24. Nf1 g5 25. h3 Nxe3 26. Rxe3 Bc5 27. Rf3
Bg6+ 28. Bc2 Be4 29. Rf6 Bxg2 30. Rxh6 Bxf2 31. Bf5 Re5 32. Bg4 Be4+ 33. Kc1 c5
34. Rd2 Rf8 35. Re2 d4 36. cxd4 cxd4 37. Nd2 Rc5+ 38. Kd1 Bc2+ 39. Kc1 Be3 40.
Re1 Ba4+ 41. Kb1 Bxd2 42. Rh1 Bc6 43. Rd1 Be4+ 44. Ka1 Rc1+ 45. Rxc1 Bxc1 46.
Rd6 Rf1 47. Rxd4 Bd2+ 0-1

[Event "41st Olympiad Women 2014"]
[Site "Tromso NOR"]
[Date "2014.08.05"]
[Round "4.36"]
[Board "2"]
[White "Perez Rodriguez, Jennifer"]
[Black "Johnson, Gabriella"]
[Result "1-0"]
[WhiteTitle "WIM"]
[WhiteElo "2211"]
[BlackElo "1634"]
[WhiteTeam "Paraguay"]
[BlackTeam "Trinidad & Tobago"]
[WhiteFideId "3507831"]
[BlackFideId "7701128"]
[EventDate "2014.08.02"]

1. e4 Nc6 2. Nf3 f5 3. exf5 d5 4. d4 Bxf5 5. Bb5 e6 6. Ne5 Ne7 7. Bg5 Qd6 8. c3
a6 9. Bxe7 Bxe7 10. Bxc6+ bxc6 11. Qa4 O-O 12. Qxc6 Rfb8 13. b3 a5 14. Nd2 Ra6
15. Qa4 Rd8 16. O-O c5 17. Ndf3 cxd4 18. cxd4 Bf6 19. Qb5 Rda8 20. Rac1 a4 21.
Qb7 R6a7 22. Rc8+ Rxc8 23. Qxc8+ Qd8 24. Rc1 Ra8 25. Qb7 axb3 26. axb3 h6 27.
Nd7 Be7 28. h3 Bd6 29. Nfe5 Qe8 30. Rc3 Ra1+ 31. Kh2 Qg6 32. Rg3 Bxe5 33. dxe5
Qf7 34. Nf6+ Kf8 35. Qb8+ Ke7 36. Qd6# 1-0

[Event "41st Olympiad Women 2014"]
[Site "Tromso NOR"]
[Date "2014.08.05"]
[Round "4.36"]
[Board "3"]
[White "Walcott, Della-Marie"]
[Black "Avalos, Leticia"]
[Result "0-1"]
[BlackTitle "WCM"]
[WhiteElo "1362"]
[BlackElo "1687"]
[WhiteTeam "Trinidad & Tobago"]
[BlackTeam "Paraguay"]
[WhiteFideId "7701608"]
[BlackFideId "3702073"]
[EventDate "2014.08.02"]

1. e4 e6 2. d4 d5 3. exd5 exd5 4. Bd3 Nc6 5. c3 Bd6 6. h3 Be6 7. Qf3 Qd7 8. Ne2
Nge7 9. Bf4 O-O-O 10. Bxd6 Qxd6 11. Nd2 h6 12. O-O g5 13. Ng3 Qd7 14. Nb3 g4 15.
hxg4 Bxg4 16. Qe3 Kb8 17. f3 Bf5 18. Bb5 Rdg8 19. Qf4 Rg5 20. Kf2 Rhg8 21. Ne2
Rxg2+ 22. Ke1 a6 23. Bxc6 Nxc6 24. Kd2 Re8 25. Rae1 Qe6 26. Nc1 Qg6 27. Qh4 Bb1
28. Qe4 dxe4 29. Ke3 exf3+ 30. Kxf3 Qg4# 0-1

[Event "41st Olympiad Women 2014"]
[Site "Tromso NOR"]
[Date "2014.08.05"]
[Round "4.36"]
[Board "4"]
[White "Rojas, Montserrat"]
[Black "Rahaman, Najarah"]
[Result "1-0"]
[WhiteElo "1618"]
[BlackElo "1478"]
[WhiteTeam "Paraguay"]
[BlackTeam "Trinidad & Tobago"]
[WhiteFideId "3701670"]
[BlackFideId "7702442"]
[EventDate "2014.08.02"]

1. Nf3 c5 2. g3 b6 3. Bg2 Bb7 4. c4 g6 5. Nc3 Bg7 6. d3 Nf6 7. Bf4 d6 8. Qd2 Nh5
9. Bh6 O-O 10. Bxg7 Nxg7 11. e4 Nd7 12. Qh6 f6 13. h4 Ne5 14. O-O-O Ng4 15. Qd2
e5 16. Nh2 Nxh2 17. Rxh2 Rb8 18. Qh6 a6 19. Nd5 b5 20. Qd2 bxc4 21. dxc4 a5 22.
Nc3 Bc6 23. Nd5 Bxd5 24. Qxd5+ Kh8 25. Qxd6 Qxd6 26. Rxd6 Rb7 27. Bf1 Rfb8 28.
f3 a4 29. Rhd2 Rf8 30. Rd8 Ne6 31. Rxf8+ Nxf8 32. Kc2 Kg7 33. Bh3 h5 34. Rd5 Rc7
35. g4 Ne6 36. Rd6 Nd4+ 37. Kc3 Nxf3 38. gxh5 Nxh4 39. Rd7+ Rxd7 40. Bxd7 gxh5
41. b4 cxb4+ 42. Kxb4 f5 43. exf5 e4 44. Kc3 Kf6 45. Kd4 e3 46. Kxe3 Nxf5+ 47.
Kf4 Nd6 48. c5 Nb7 49. c6 Nd6 50. c7 Ke7 51. c8=Q Nxc8 52. Bxc8 Kd6 53. Kg5 Kc5
54. Kxh5 Kb4 55. Kg4 Ka3 56. Be6 Kb4 57. Kf4 Kc3 58. Ke3 Kb4 59. Kd3 Ka3 60. Kc2
Kb4 61. Kb2 Kc5 62. Ka3 Kb5 63. Bd7+ 1-0

[Event "41st Olympiad Women 2014"]
[Site "Tromso NOR"]
[Date "2014.08.05"]
[Round "4.37"]
[Board "1"]
[White "Gamboa Alvarado, Olga Leticia"]
[Black "Skytte, Torill"]
[Result "1/2-1/2"]
[WhiteTitle "WFM"]
[WhiteElo "1899"]
[BlackElo "1991"]
[WhiteTeam "Costa Rica"]
[BlackTeam "Norway 3"]
[WhiteFideId "6502270"]
[BlackFideId "1503260"]
[EventDate "2014.08.02"]

1. d4 d5 2. c4 e6 3. cxd5 exd5 4. Nc3 c6 5. Nf3 Nf6 6. Bg5 Be7 7. Qc2 O-O 8. e3
h6 9. Bh4 Nbd7 10. Bd3 Re8 11. O-O Nh5 12. Bxe7 Qxe7 13. Rab1 Nhf6 14. b4 a5 15.
b5 c5 16. a4 Qd6 17. dxc5 Nxc5 18. Rfd1 Nxd3 19. Qxd3 Be6 20. e4 Qd7 21. Rb2
Rad8 22. Rbd2 dxe4 23. Nxe4 Nxe4 24. Qxd7 Rxd7 25. Rxd7 Bxd7 26. Rxd7 Nc5 27.
Rd4 Re2 28. Kf1 Ra2 29. Ne5 f6 30. Rd8+ Kh7 31. Nd7 Nxa4 32. Rb8 Nc3 33. f3 Nxb5
34. Rxb7 Nd6 35. Nxf6+ Kg6 36. Rd7 gxf6 37. Rxd6 a4 38. Ra6 a3 39. Kg1 h5 40. h4
Ra1+ 41. Kh2 a2 42. Kg3 Kf5 1/2-1/2

[Event "41st Olympiad Women 2014"]
[Site "Tromso NOR"]
[Date "2014.08.05"]
[Round "4.37"]
[Board "2"]
[White "Kyrkjebo, Hanna B."]
[Black "Rodriguez Arrieta, Maria Elena"]
[Result "0-1"]
[BlackTitle "WFM"]
[WhiteElo "1756"]
[BlackElo "1920"]
[WhiteTeam "Norway 3"]
[BlackTeam "Costa Rica"]
[WhiteFideId "1511599"]
[BlackFideId "6502911"]
[EventDate "2014.08.02"]

1. e4 e5 2. Nf3 Nc6 3. Nc3 Nf6 4. Bb5 Nd4 5. Bc4 d6 6. d3 Be6 7. Bb3 Be7 8. Be3
c5 9. O-O Qc8 10. Ba4+ Bd7 11. Bxd7+ Qxd7 12. Bg5 Ng8 13. Be3 f5 14. Bxd4 cxd4
15. Nd5 Nf6 16. Nxf6+ Bxf6 17. Re1 O-O 18. c4 dxc3 19. Qb3+ Kh8 20. Qxc3 Rac8
21. Qa3 a6 22. Rac1 d5 23. Qa5 fxe4 24. dxe4 dxe4 25. Nxe5 Bxe5 26. Qxe5 Rxc1
27. Rxc1 Qd2 28. Qc5 Rd8 29. Qc4 h6 30. b4 e3 31. fxe3 Qxe3+ 32. Kh1 Re8 33. h3
Qg3 34. Qf1 Qa3 35. Qc4 Qb2 36. Rc2 Re1+ 37. Kh2 Qe5+ 38. g3 Re3 39. Rg2 Rc3 40.
Qe2 Qd4 41. Qe8+ Kh7 42. Qe7 Qd5 43. Qe1 Qc4 44. Qb1+ Kg8 45. Rf2 Qc7 46. Qg6
Qe5 47. Qg4 Rc7 48. Re2 Qf6 49. Qe4 Qf7 50. Kg2 Rc4 51. Qb1 Qd5+ 52. Kh2 Rd4 53.
Qg6 Rd2 54. Qe8+ Kh7 55. Qe3 Rd1 56. Re1 Qxa2+ 57. Re2 Qd5 58. Qe4+ Qxe4 59.
Rxe4 Rd2+ 60. Kg1 Rb2 61. Kf1 Kg6 62. Rf4 Rh2 63. h4 Rc2 64. g4 b5 65. h5+ Kg5
66. Rd4 Rc4 67. Rd7 Kxg4 68. Rxg7+ Kxh5 69. Ra7 Rxb4 70. Rxa6 Rb2 71. Rb6 Kg5
72. Ke1 h5 73. Rb8 h4 74. Rg8+ Kf4 75. Rh8 Ke3 76. Kd1 Kd3 77. Kc1 Rh2 78. Rh5
Kc4 79. Rh8 Kc3 80. Rc8+ Kb3 81. Rb8 b4 82. Rh8 h3 83. Rh4 Kc3 84. Kd1 b3 85.
Rh8 Rh1+ 86. Ke2 b2 0-1

[Event "41st Olympiad Women 2014"]
[Site "Tromso NOR"]
[Date "2014.08.05"]
[Round "4.37"]
[Board "3"]
[White "Acevedo Mendez, Lisseth"]
[Black "Rodsmoen, Maud"]
[Result "0-1"]
[WhiteElo "1846"]
[BlackElo "1805"]
[WhiteTeam "Costa Rica"]
[BlackTeam "Norway 3"]
[WhiteFideId "6502938"]
[BlackFideId "1510550"]
[EventDate "2014.08.02"]

1. e4 e5 2. Nf3 Nc6 3. d4 exd4 4. Nxd4 g6 5. Be3 Bg7 6. c3 Nf6 7. Nd2 O-O 8. Be2
Re8 9. Nxc6 bxc6 10. Qa4 Qe7 11. Bf3 Rb8 12. Rb1 d5 13. Qxa7 dxe4 14. Qxb8 exf3
15. Nxf3 Bf5 16. Qa7 Bxb1 17. O-O Be4 18. Bc5 Qd7 19. Nd4 Bd5 20. a4 Ne4 21. a5
Nd2 22. Ra1 Qg4 0-1

[Event "41st Olympiad Women 2014"]
[Site "Tromso NOR"]
[Date "2014.08.05"]
[Round "4.37"]
[Board "4"]
[White "Jacobsen, Elise Sjottem"]
[Black "Ramirez Gonzalez, Maria Jose"]
[Result "1/2-1/2"]
[WhiteElo "1697"]
[BlackElo "1764"]
[WhiteTeam "Norway 3"]
[BlackTeam "Costa Rica"]
[WhiteFideId "1516493"]
[BlackFideId "6503349"]
[EventDate "2014.08.02"]

1. e4 e5 2. d4 exd4 3. Qxd4 Nc6 4. Qe3 Bb4+ 5. Nc3 d6 6. Bd2 Nf6 7. O-O-O O-O 8.
f4 Re8 9. Qg3 Bxc3 10. Bxc3 Rxe4 11. Bd3 Re8 12. Nh3 h6 13. Rde1 Rxe1+ 14. Rxe1
Bd7 15. Nf2 d5 16. Qe3 Ng4 17. Nxg4 Bxg4 18. h3 Bd7 19. g4 Qe8 20. Qc5 Qf8 21.
Qxd5 Rd8 22. Qe4 g6 23. f5 Re8 24. Qd5 Rxe1+ 25. Bxe1 Qe7 26. Bd2 Kh7 27. fxg6+
fxg6 28. Bc4 Qe8 29. Bc3 Qe3+ 30. Kd1 Qe8 31. Qf3 Be6 32. Qf6 Qd8+ 33. Qxd8 Nxd8
34. Bxe6 Nxe6 35. Be5 h5 36. Ke2 Kh6 37. Kf3 Kg5 38. Kg3 hxg4 39. hxg4 b5 40. a3
c5 41. b3 c4 42. b4 a6 43. Kf3 Kh4 44. Bg3+ Kg5 45. Be5 Kh4 46. Bg3+ Kg5 47. c3
Kf6 48. Bf4 Nxf4 49. Kxf4 g5+ 50. Ke4 Ke6 51. Kd4 Kd6 52. Ke4 1/2-1/2